Catalysis in petroleum and petrochemical industries

Đã lưu trong:
Sonraí Bibleagrafaíochta
Príomhúdar: Bhattacharyya, Krishna G.
Formáid: Leabhar
Teanga:Undetermined
Foilsithe: New Delhi Narosa Publishing House 2005
Ábhair:
Clibeanna: Cuir Clib Leis
Gan Chlibeanna, Bí ar an gcéad duine leis an taifead seo a chlibeáil!
Thư viện lưu trữ: Trung tâm Học liệu Trường Đại học Cần Thơ
LEADER 00551nam a2200181Ia 4500
001 CTU_117452
008 210402s9999 xx 000 0 und d
082 |a 665.5 
082 |b B575 
100 |a Bhattacharyya, Krishna G. 
245 0 |a Catalysis in petroleum and petrochemical industries 
245 0 |c Krishna G. Bhattacharyya, Anup K. Talukdar 
260 |a New Delhi 
260 |b Narosa Publishing House 
260 |c 2005 
650 |a Catalysis,Petroleum chemicals 
904 |i Truc 
980 |a Trung tâm Học liệu Trường Đại học Cần Thơ